La mujer y el derecho (Record no. 249209)

000 -CABECERA
Campo de control de longitud fija 00427nam a22001337u 4500
008 - CÓDIGOS DE INFORMACIÓN DE LONGITUD FIJA
Campo de control de longitud fija 130405s1892 xxu||||| |||| 00| 0 spa d
041 ## - CÓDIGO DE LENGUA
Código de lengua del texto/banda sonora o título independiente spa
001 - NÚMERO DE CONTROL
Campo de control 92210
100 1# - PUNTO DE ACCESO PRINCIPAL-NOMBRE DE PERSONA
Nombre de persona Jimenez, Esteban
9 (RLIN) 26167
245 00 - MENCIÓN DE TÍTULO
Título La mujer y el derecho
Resto del título :Indicaciones históricas sobre la condicion jurídica de la mujer
Mención de responsabilidad, etc. Esteban Jimenez
260 ## - PUBLICACIÓN, DISTRIBUCIÓN, ETC... (PIE DE IMPRENTA)
Lugar de publicación, distribución, etc. Salamanca:
Nombre del editor, distribuidor, etc. Imprenta y librería de Oliva,
Fecha de publicación, distribución, etc. 1892
300 ## - DESCRIPCIÓN FÍSICA
Extensión 154 p.
Dimensiones ;21 cm.
942 ## - ENTRADA DE ELEMENTOS AGREGADOS (KOHA)
Koha [por defecto] tipo de item Libros
Holdings
Suprimido Perdido Estropeado No para préstamo Localización permanente Localización actual Localización en estantería Fecha adquisición Préstamos totales Signatura completa Número de Registro / Código de Barras Fecha última consulta Fecha del precio de reemplazo Tipo de item de Koha
        San Esteban San Esteban Depósito de libros 21/05/2013   4258 92210 21/05/2013 21/05/2013 Libros

Bibliotecas Dominicos Provincia Hispania, 2016

Con tecnología Koha